00491nam a22001697a 450000500170000001000150001702000260003203500140005803700130007208200150008510000190010024500900011926000330020927000380024230000210028050000200030120220715103903.0 aENG-133597 a9789350290910c599.00 aEN-117129 bDBAD/PUB a954.035092 aShourie, Arun  aDoes he know a mother's heart? :cby Arun Shouriebhow suffering refutes religions /  c2011aNoida bHarperCollins  aA-75, Sector-57, bNoida e201301 c25cm(Hb)a435p.  aIncludes index